| 000 | 01197cam a2200349 i 4500 | ||
|---|---|---|---|
| 999 |
_c21677 _d21677 |
||
| 001 | 17831301 | ||
| 003 | OSt | ||
| 005 | 20210206121843.0 | ||
| 008 | 130730s2014 nyub 001 0beng | ||
| 010 | _a 2013025014 | ||
| 020 | _a9780670083879 | ||
| 040 |
_aDLC _beng _coclc _erda _dDLC |
||
| 042 | _apcc | ||
| 043 |
_aa-ii--- _af-sa--- |
||
| 050 | 0 | 0 |
_aDS481.G3 _bG824 2014 |
| 082 | 0 | 0 |
_a954.035092 _aB _223 _bGUH/G |
| 100 | 1 |
_aGuha, Ramachandra _9118 |
|
| 245 | 1 | 0 |
_aGandhi Before India / _cRamachandra Guha |
| 264 | 1 |
_aNew Delhi : _bPenguin Books, _c2013. |
|
| 300 |
_a672p _bmaps ; _c25 cm |
||
| 336 |
_atext _2rdacontent |
||
| 337 |
_aunmediated _2rdamedia |
||
| 338 |
_avolume _2rdacarrier |
||
| 500 | _aIncludes index. | ||
| 600 | 0 | 0 |
_aGandhi, _cMahatma, _d1869-1948. |
| 650 | 0 |
_aEast Indians _zSouth Africa _xPolitics and government. |
|
| 650 | 0 |
_aStatesmen _zIndia _vBiography. |
|
| 651 | 0 |
_aSouth Africa _xPolitics and government _y1836-1909. |
|
| 906 |
_a7 _bcbc _corignew _d1 _eecip _f20 _gy-gencatlg |
||
| 942 |
_2ddc _cBK _h954.035092 _iGUH/G _k954.035092 _mGUH/G |
||